000 00221 a2200097 4500
001 12795
100 _aKennedy Paul
245 _aPreparing forthe twenty fist century
260 _a
_bRandom House
_c
090 _c9769
_d9769
942 _aNUST-CAE
_cM
_c36676
999 _c247868
_d247868